000 01492cad a2200289 4500
001 L158962
008 100215n2013 000 0 eng u
020 _a9781783210305
035 _a(Sirsi) u158962
041 _aeng
100 1 _aCalor, InĂªs
111 2 _aConstruction and Building Research Conference
_cIIT Delhi, New Delhi
_d10-12 September 2013
245 0 0 _aPlanning vs. illegal building
_bcomparison of policy in Portugal and Israel
_h[electronic resource]
260 _aLondon
_bRICS
_c2013
490 0 _aCOBRA
_v2013
520 _aA paper presented at the COBRA Conference in New Delhi on 10-12 September 2013. Presents a comparative analysis of the policies of Portugal and Israel concerning illegal construction. The absence of a special legal framework for non-compliant buildings leads to the use of plan amendments as a means of achieving legalization, the side-effect of which, in both countries, is increased pressure on all levels of the planning system.
650 2 4 _aCONSTRUCTION AND BUILDING RESEARCH CONFERENCE (COBRA)
650 2 4 _aSLUMS
650 2 4 _aBuilding control
_96222
650 2 4 _aISRAEL
651 4 _aPortugal
690 _aPlanning and development
_96259
700 1 _aPereira, Margarida
700 1 _aAlterman, Rachelle
856 4 0 _uhttps://www.rics.org/Global/Paper%2058%20PLANNING%20VS.%20ILLEGAL%20BUILDING%20-%20COMPARISON%20OF%20POLICY%20IN%20PORTUGAL%20AND%20ISRAEL.pdf
_zView this item free of charge at www.rics.org
942 _n0
999 _c115602
_d115602